Vývoj priemerných miezd a zamestnanosti v agrárnom sektore SR

Tempo rastu priemerných nominálnych miezd v poľnohospodárstve. Porovnanie miezd v poľnohospodárstve s inými odvetviami NH. Regionálna diferenciácia zamestnanosti a priemerných zárobkov v poľnohospodárstve. Agrárna nezamestnanosť. Rozpor medzi rozmiestnením ekonomicky aktívneho obyvateľstva a rozmies...

Description complète

Enregistré dans:
Détails bibliographiques
Auteur principal: Buchta, Stanislav
Format: Chapitre de livre
Langue:slovaque
Sujets:
Tags: Ajouter un tag
Pas de tags, Soyez le premier à ajouter un tag!

MARC

LEADER 00000naa a2200000 4500
001 r024012
005 20221129134109.5
041 0 |a slo 
044 |a CZ 
245 1 0 |a Vývoj priemerných miezd a zamestnanosti v agrárnom sektore SR  |c Stanislav Buchta 
520 |a Tempo rastu priemerných nominálnych miezd v poľnohospodárstve. Porovnanie miezd v poľnohospodárstve s inými odvetviami NH. Regionálna diferenciácia zamestnanosti a priemerných zárobkov v poľnohospodárstve. Agrárna nezamestnanosť. Rozpor medzi rozmiestnením ekonomicky aktívneho obyvateľstva a rozmiestnením pracovných príležitostí. 
610 2 0 |a poľnohospodárstvo 
610 2 0 |a mzdy 
610 2 0 |a mzdy nominálne 
610 2 0 |a mzdy priemerné 
610 2 0 |a zamestnanosť 
610 2 0 |a rozmiestenie síl pracovných 
610 2 0 |a nezamestnanosť 
610 2 0 |a príležitosť pracovná 
100 1 |a Buchta, Stanislav